01857cam a22004934i 4500003000900000005001700009008004100026020001500067035002700082040003300109049000900142082001900151245009600170264007300266300003800339336002100377337002500398338002300423505006200446526001000508526001000518526000900528526000900537526000900546526000900555526000900564526000900573526000900582526000800591526000800599526000800607526000800615526000800623650003700631700002900668910001800697942001400715949019700729994001400926596000600940999022200946980005501168952014001223PE-LiUPU20250731165620.0150616s r 000 0 d a0802881246 a(Sirsi) i9780802881243 aPE-LiUPUbspacPE-LiUPUerda aPRUA04a281.4bS3122100aNicene and Post-Nicene Fathers of The Christian Church.n10:2 /ceditado por Philip Schaff. 1aGrand Rapids, Michigan :bWM. B. Eerdmans Publishing Company,c1979. a497 páginas ;c25 centímetros atext2rdacontent aunmediated2rdamedia avolume2rdacarrier0 aDogmatic treatises, ethical works, and sermons.- letters. aSEG44 aSEG26 aP151 aP150 aP149 aP146 aP145 aP126 aP125 aP92 aP75 aP74 aP27 aP1504aLiteratura cristiana primitiva .1 aSchaff, Philip,eeditor. ajckbjvqcjck 2ddccBOOK aRC 281.4 S31 10:2wDEWEYc1i20474lCCODEBUL1mBULr0sYtBOOKu2015-6-16xTEOLOGIAzUNKNOWN0COMPRAo.CIRCNOTE. No olvidar cambiar la fecha de devolución!!!!!!!o.STAFF. Colección General aC0bPEPRU a1 aRC 281.4 S31 10:2wDEWEYc57168i20474f2021-11-8g6lCCODEBUL1mBULr1sYtBOOKu2015-6-16xTEOLOGIAzUNKNOWN0COMPRAo.CIRCNOTE. No olvidar cambiar la fecha de devolución!!!!!!!o.STAFF. Colección Generald57168 81gALBERTO SANCHEZ Responsable de Automatización r2025-12-02 00:00:00i7l0oRC 281.4 S31 10:2p20474te1w2015-06-16xFTyREF102ddc50718REFfP35aBULbBULcREFd2015-06-16eCOMPRA